El Diálogo corporal : acción educativa en el niño de 2 a 5 años /

Obra sobre desarrollo psicomotriz que toca aspectos como la construcción de la identidad corporal, la organización de la percepción de los objetos, con otras personas, pasando al final a aplicaciones prácticas en la educación preescolar y en la reeducación.

محفوظ في:
التفاصيل البيبلوغرافية
المؤلف الرئيسي: Vayer, Pierre (autor)
مؤلفون آخرون: Barat, J. Claude (autor) (autor), Riux, G. (prólogo) (prólogo)
التنسيق: كتاب
اللغة:الإسبانية
منشور في: Puebla, México : Benemérita Universidad Autónoma de Puebla, 1988, c1988
سلاسل:(Textos UAP)
الموضوعات:
الوسوم: إضافة وسم
لا توجد وسوم, كن أول من يضع وسما على هذه التسجيلة!

MARC

LEADER 00000nam^a2200000^a^4500
001 000054703
005 20250521000000.0
009 20260310090521.536
037 |a Acervo ITESO - Biblioteca 
041 |a ESP 
082 |a 152. 3  |b VAY 
100 |a Vayer, Pierre  |e (autor) 
245 1 3 |a El Diálogo corporal :  |b acción educativa en el niño de 2 a 5 años /  |c P. Vayer, J. Claude Barat ; pról. de G. Rioux ; tr. por Francisco T. Vera. 
264 4 |a Puebla, México :  |b Benemérita Universidad Autónoma de Puebla,  |c 1988, c1988 
300 |a 211 p. 
336 |a texto  |b txt  |2 rdacontenido 
337 |a sin mediación  |b n  |2 rdamedio 
338 |a volumen  |b nc  |2 rdasoporte 
440 1 |a (Textos UAP) 
520 |a Obra sobre desarrollo psicomotriz que toca aspectos como la construcción de la identidad corporal, la organización de la percepción de los objetos, con otras personas, pasando al final a aplicaciones prácticas en la educación preescolar y en la reeducación. 
649 |a XX 
650 |a Desarrollo Psicomotriz y Perceptual 
650 |a Psicología Evolutiva 
650 |a Psicología Educativa 
650 |a Educación Física 
650 |a Educación Preescolar 
650 |a Educación Especial 
700 |a Barat, J. Claude  |e (autor) 
700 |a Riux, G.  |e (prólogo) 
910 |a Fondo General 
920 |a Impresos - Libros 
930 |a Colección General 
905 |a 101 
901 |a 0500013576  |b IT1  |c ACC  |u 20250521 
902 |a https://opac.biblio.iteso.mx/vufind/Record/000054703